000 00935cam a2200241 i 4500
001 18840135
005 20241101153351.0
008 151030t20172017moua bf 001 0 eng
020 _a9780323322249 (pbk. : alk. paper)
020 _a0323322247 (pbk. : alk. paper)
050 0 0 _aRT48.6
_b.A35 2017
082 0 0 _a616.07/5
_223
245 0 0 _aNursing diagnosis handbook :
_ban evidence-based guide to planning care /
_c[edited by] Betty J. Ackley, MSN, EdS, RN, Gail B. Ladwig, MSN, RN, Mary Beth Flynn Makic, PhD, RN, CNS, CCNS, FAAN.
250 _aEleventh edition.
300 _axix, 988 pages :
_bcolor illustrations ;
_c26 cm
650 1 2 _aNursing Diagnosis
_vHandbooks.
650 2 2 _aEvidence-Based Nursing
_xmethods
_vHandbooks.
650 2 2 _aPatient Care Planning
_vHandbooks.
700 1 _aAckley, Betty J.,
_eeditor.
700 1 _aLadwig, Gail B.,
_eeditor.
700 1 _aMakic, Mary Beth Flynn,
_eeditor.
942 _2lcc
_cBK
_n0
999 _c523
_d523